000 00674cam a2200241 i 4500
008
020 _a0198518390 (pbk. )
049 _aMAIN
050 0 0 _aQB981 ROW
100 _aRowan-Robinson, Michael.
245 1 0 _aCosmology /
_cMichael Rowan-Robinson.
260 _aOxford :
_bClarendon Press,
_c1977.
300 _ax, 158 p. :
_bill. ;
_c23 cm.
490 0 _aOxford physics series ; no. 15
500 _aIncludes indexes.
504 _aIncludes bibliographic references.
650 0 _aCosmology.
907 _a.b10243148
_b21-05-07
_c08-05-07
003
005 20230123134442.0
040 _cNUST
942 _cBOOKS
999 _c166155
_d166155